La conjugaison française: Seguido de las principales locuciones y modismos de uso corriente en francés, para los cursos de humanidades

Saved in:
Bibliographic Details
Main Author: Droguett Torres, Luis (Author)
Format: Book
Language:French
Spanish
Published: Santiago Nascimento 1957
Edition:5a. ed
Subjects:
Tags: Add Tag
No Tags, Be the first to tag this record!

MARC

LEADER 00000nam a2200000 a 4500
001 UCJ5336
003 CL-VaPUC
008 070124e19570000CL |||||||||||||||||fre|d
041 0 7 |a fre  |2 CL-VaPUC 
041 0 7 |a spa  |2 CL-VaPUC 
082 0 4 |a 440  |b DRO  |2 21 
100 0 |a Droguett Torres, Luis  |e author  |9 510410 
245 1 3 |a La conjugaison française: Seguido de las principales locuciones y modismos de uso corriente en francés, para los cursos de humanidades 
250 |a 5a. ed 
300 |a 167 p 
942 |c BK 
945 |d 20070124 00:00:00  |a rinostro 
260 |a Santiago  |b Nascimento  |c 1957 
650 7 |a FRANCES  |2 CL-VaPUC  |9 259059 
650 0 |a Enseñanza  |9 256457 
650 0 |a Aprendizaje   |9 254827 
650 7 |a TEXTO ESCOLAR  |2 CL-VaPUC  |9 429086 
650 0 |a Lenguaje y lenguas  |9 265846 
583 |a last modification  |c 20070124 00:00:00  |k Rodrigo Vera 
999 |c 321446  |d 321444 
952 |0 0  |1 0  |4 0  |6 440_000000000000000_DRO_1957  |7 0  |8 X  |9 400183  |a FDOBUD  |b FDOBUD  |d 2019-11-22  |i 1033220  |o 440 DRO 1957  |p 1033220  |r 2019-11-22  |w 2019-11-22  |y BK_X  |k BUD